| 000 | 00320nam a22001337a 4500 | ||
|---|---|---|---|
| 020 | _a9789696320203 | ||
| 040 | _cNUST | ||
| 082 | _a910.4 MUH | ||
| 100 |
_aMuhammad Ahsan _988611 |
||
| 245 | _aCholistan Main Aik Raat | ||
| 260 |
_aLAHORE: _bFact Publications, _c2020. |
||
| 650 |
_aSafarnama _989452 |
||
| 942 |
_2ddc _cBK |
||
| 999 |
_c587698 _d587698 |
||